Угадай Советскую Республику По Флагу - Statistics

General Stats
  • This quiz has been taken 1 562 times
  • The average score is 5 of 15
Answer Stats
Picture Answer % Correct
Белорусская ССР
100%
Молдавская ССР
57%
Российская СФСР
51%
Эстонская ССР
49%
Таджикская ССР
44%
Грузинская ССР
38%
Украинская ССР
36%
Латвийская ССР
34%
Армянская ССР
25%
Литовская ССР
25%
Туркменская ССР
21%
Казахская ССР
21%
Киргизская ССР
16%
Узбекская ССР
15%
Азербайджанская ССР
14%
No matching quizzes found
Score Distribution
Percent of People with Each Score
Percentile by Number Answered
Your Score History
You have not taken this quiz